Ballon d'Or records - Statistics

General Stats
  • This quiz has been taken 41 times
  • The average score is 7 of 10
Answer Stats
Hints Players % Correct
He won the Ballon d'Or four times in a row Lionel Messi
95%
The only goalkeeper to have won it Lev Yashin
92%
Most nominated player for the trophy Cristiano Ronaldo (18)
89%
He is the one who has won the trophy the most times Lionel Messi (8)
84%
Youngest player to be in the top 10 Lamine Yamal (17 years old and 107 days)
71%
The only defender to have won it twice Franz Beckenbauer
68%
The first non-European player to win it George Weah
58%
The most nominated player without ever having won it Andrés Iniesta (12)
42%
Oldest player to win it Stanley Matthews (41 years old)
29%
Youngest player to win it Ronaldo Nazario (21 years old)
21%
No matching quizzes found
Score Distribution
Percent of People with Each Score
Percentile by Number Answered
Your Score History
You have not taken this quiz